Statistiques concernant Acteurs en R (par images).

Cliquez ici pour prendre le quiz!

Statistiques générales

  • Ce quiz a été pris 233 fois
  • Le résultat moyen est 11 sur 24

Statistiques - réponses

Réponse% Correct
Jean Reno
87%
Margot Robbie
87%
Daniel Radcliffe
78%
Julia Roberts
77%
Keanu Reeves
77%
Ryan Reynolds
74%
Jean-Paul Rouve
69%
Line Renaud
66%
Muriel Robin
65%
Jean Rochefort
55%
Mark Ruffalo
50%
Pierre Richard
49%
Alan Rickman
39%
Robert Redford
39%
Jeremy Renner
36%
Winona Ryder
28%
Norman Reedus
20%
Eddie Redmayne
19%
Ronald Reagan
17%
Tim Robbins
11%
Geoffrey Rush
6%
Vanessa Redgrave
3%
Ginger Rogers
2%
Marc Rylance
2%

Distribution des résultats

Percentile par nombre de réponses

% des personnes avec chaque résultat

Votre développement - résultats

Vous n’avez pas pris ce quiz